25 Największych Miast Azji Na Mapie - Statystyki

Ogólne statystyki
  • Ten quiz został rozwiązany 40 razy
  • Średni wynik to 17 z 25
Odpowiedzi na mapie
Odpowiedzi zakodowano w zielono-czerwonej skali na mapie do tego quizu, zgodnie z poniższymi procentami.
 
Statystyki odpowiedzi
Państwo Miasto Populacja % Poprawnych
Indie Delhi 16,1 mln
100%
Korea Południowa Seul 9,9 mln
100%
Turcja Stambuł 15 mln
100%
Chiny Szanghaj 22 mln
100%
Iran Teheran 9,7 mln
100%
Japonia Tokio 9,7 mln
100%
Indonezja Dżakarta 10,5 mln
96%
Indie Mumbaj 18,2 mln
96%
Chiny Pekin 19 mln
96%
Wietnam Hanoi 8,8 mln
93%
Bangladesz Dhaka 10,3 mln
89%
Wietnam Ho Chi Minh 14 mln
89%
Chiny Kanton 16 mln
82%
Pakistan Karaczi 18,8 mln
79%
Chiny Wuhan 10,5 mln
68%
Chiny Shenzhen 17,4 mln
54%
China Xi'an 9,3 mln
54%
Chiny Chengdu 13,5 mln
46%
Pakistan Lahaur 13 mln
46%
Chiny Chongqing 9,6 mln
43%
Indie Bangalore 12,3 mln
39%
Chiny Tiencin 11 mln
39%
China Hangzhou 9,2 mln
18%
Indie Hyderabad 9,8 mln
14%
Chiny Dongguan 9,6 mln
4%
Nie znaleziono quizów pasujących do podanych kryteriów
Rozkład punktacji
Procent ludzi z każdym wynikiem
Percentyl według liczby udzielonych odpowiedzi
Twoja historia wyników
Nie rozwiązałeś tego quizu